MONDIALISATIONS (1880-1935) P1C2 II - Statistiques

Statistiques générales
  • Ce quiz a été pris 14 fois
  • Le résultat moyen est 40 sur 58
Statistiques - réponses
Question Réponse % Correct
Longueur des canaux en Cochinchine utilisables par la batellerie (km) en 1914 1 600 km
100%
Date d'établissement d'une parité fixe entre livre et roupie 1893
100%
Date de la fondation de la Banque du Congo Belge 1909
100%
Date de la fondation de la Banque de Corée 1910
100%
Part du chemin de fer africain dans le réseau mondial en 1914 (%) 5%
100%
Premier port importateur mondial de pétrole Anvers
100%
Institution que les métropoles peuvent fonder pour contrôler le système monétaire, symbole fort de domination Banque coloniale
100%
Produits coloniaux auxquels Le Havre s'adapte coton, pétrole, café, bois exotiques
100%
Exemples de création de monnaies coloniales Florin des Indes Orientales Néerlandaises, franc congolais (1887)
100%
Exemple de villes où ces concessions sont nombreuses Hong Kong, Shanghaï, Canton, Tianjin
100%
Lettre de change du système financier indien, permettant la circulation le fonds Hundi
100%
"La crise de ... en la monnaie ... en Côte d'Ivoire" : article de Jean-Baptiste ... (A B C) "La crise de confiance en la monnaie française en Côte d'Ivoire" - Jean-Baptiste Seka
100%
Ressource dans lequel le port de Brisbane se spécialise Laine
100%
Monnaie d'usage qui persiste malgré l'interdiction La livre anglaise
100%
Deuxième port importateur mondial de pétrole Le Havre
100%
Monnaie que les autochtones d'Afrique Occidentale britanniques doivent abandonner Manille
100%
Port concurrençant de plus en plus Le Havre dans ce secteur Marseille
100%
Nom des ports coloniaux polarisant les flux commerciaux et militaires Ports-capitales
100%
Ressources principales transitant par Hong Kong pour l'import Riz indochinois, opium, filés de coton
100%
Monnaie indienne Roupie
100%
Pays ayant des intérêts essentiels à Hong Kong Royaume-Uni, France
100%
Port auquel elle s'engage à relier les gisements Sfax
100%
Ports tunisiens peinant à être rentables Sfax, La Goulette
100%
Exemple de port-capitale Singapour
100%
Date où elle obtient un concession 1897
67%
Date de la fondation de la Banque d'Afrique Occidentale (française) 1901
67%
Longueur de quais accordée à cette société (km) 2 km
67%
Nombre de concessions accordées à des pays étrangers en Chine avant 1912 30 (dans une quinzaine de villes)
67%
Nombre et nom des banques encadrant le système monétaire colonial indien 3 Presidency Banks
67%
Exemple des ces institutions (hors les exemples cités après) Banque du Congo Belge, Banque du Sénégal, Banque d'Algérie, Banque d'Indochine, Banque de l'Afrique-Occidentale (française), Banque de Corée
67%
Particularité de la Banque d'Indochine Banque mixte (État et groupe privé)
67%
Administrations étrangères présentes à Tianjin Britannique, française, austro-hongroise, étasunienne, allemande, belge, russe
67%
Compagnie participant à développer le chemin de fer en Tunisie Compagnie des phosphates et des chemins de fer de Gafsa
67%
Lieux de diffusion de la Livre ouest-africaine Jamaïque, Afrique du Sud, Royaume-Uni, Australie
67%
Grande raffinerie implantée proche de ce port La Phocéenne
67%
Ressource dans lequel le port de Dakar se spécialise Oléagineux
67%
Raisons du manque de confiance en la monnaie française en Côte d'Ivoire Papier de mauvaise qualité, valeur seulement locale
67%
Ressources principales transitant par Hong Kong pour l'export Soie, thé
67%
Trafic du port de Hong Kong en 1903 12 000 000 tonneaux (plus que Londres ou New York)
33%
Nombre d'entrepôts de la société d'entreposage de coton du Havre 142
33%
Longueur du réseau de rail tunisien en 1916 (km) 18 000 km
33%
Date de la fondation de la Banque d'Indochine 1875
33%
Dates de construction de l'axe de rail Cap-Rhodésie (date-date) 1880-1900
33%
Date d'imposition du franc comme monnaie officielle en Côte d'Ivoire 1893
33%
Date où Le Havre devient la première place d'entreposage de café au monde 1897
33%
Début de l'émission d'une monnaie spécifique à l'Afrique Occidentale britannique 1912
33%
Trafic du port de Hong Kong en 1870 2 900 000 tonneaux
33%
Superficie totale des entrepôts de la compagnie (m2) 340 000 m2
33%
Nombre de sacs de cafés entreposés au havre en 1908 3 600 000
33%
Longueur du réseau de rail tunisien en 1900 (km) 9 000 km
33%
Lieux de diffusion de la roupie indienne Afrique de l'Est (colonies allemandes et britanniques)
33%
Régions où les ports coloniaux sont réorganises selon la demande Asie, Afrique du Nord
33%
Régions où les ports coloniaux sont créés de toute pièce Australie, Afrique subsaharienne
33%
Acte interdisant cette monnaie locale (Acte date) Native Currency Proclamation - 1902
33%
Produits circulant par ces canaux Riz, bois
33%
Part du transit mondial de café passant par Le Havre au début du XXe siècle Un cinquième
33%
Institution chargée de l'émission de la livre ouest-africaine West African Currency Board
33%
Création d'une monnaie spécifique à l'Indochine (nom de la monnaie - date) Piastre indochinoise - 1885
0%
Aucun quiz correspondant
Distribution des résultats
% des personnes avec chaque résultat
Percentile par nombre de réponses
Votre historique - résultats
Vous n’avez pas pris ce quiz